000
00290nam a2200097Ia 4500
001
1253133
005
20251031150947.0
008
251031s9999 xx 000 0 und d
245
0
_c
CHRISTIAN TIELMANN
_a
U-5 ÇAĞLAR MAKARNA PİŞİRİYOR
260
_b
TÜRKİYE İŞ BANKASI KÜLTÜR YAYINLARI
999
_c
1253133
_d
1253133